Países que producen más jengibre - Estadísticas

Estadísticas generales
  • Esta prueba ha sido intentada 28 veces
  • La puntuación promedio es 13 de 20
Estadísticas de respuestas
1000 tonnes país % Correcto
557 China
100%
1070 India
100%
51 Japón
96%
77 Bangladés
92%
217 Indonesia
92%
167 Tailandia
88%
27 Filipinas
85%
14 Malasia
77%
16 Sri Lanka
77%
5 Corea del Sur
73%
280 Nepal
69%
6 Bután
62%
26 Taiwán
62%
350 Nigeria
54%
11 Etiopía
42%
4 Perú
31%
92 Camerún
23%
7 Costa de Marfil
19%
38 Malí
15%
8 Fiyi
0%
No se encontraron pruebas coincidentes
Distribución de puntuación
Porcentaje de gente con cada puntuación
Porcentaje por número respondido
Historial de tus puntuaciones
No has intentado esta prueba.